Problems of automation and remote control of complex plants in gas transmission networks (Запись № 8253607)

Подробности
000 -МАРКЕР
контрольное поле 02313nam0a22003851 4500
001 - ИДЕНТИФИКАТОР ЗАПИСИ
контрольное поле RU\NLR\INFOCOMM_195\5000035060
005 - ИДЕНТИФИКАТОР ВЕРСИИ
контрольное поле 20250613091722.0
035 ## - ДРУГИЕ СИСТЕМНЫЕ НОМЕРА
Идентификатор записи (NLR Aleph) 009127007
100 ## - ДАННЫЕ ОБЩЕЙ ОБРАБОТКИ
Данные общей обработки 20090506d1970 |||y0rusy50 ca
101 0# - ЯЗЫК РЕСУРСА
Язык текста, звукозаписи и т.д. английский
Язык резюме французский
-- русский
Язык сопроводительного материала (кроме либретто, краткого содержания и аннотаций) французский
-- английский
-- русский
102 ## - СТРАНА ПУБЛИКАЦИИ ИЛИ ПРОИЗВОДСТВА
Страна публикации Российская Федерация
105 ## - ПОЛЕ КОДИРОВАННЫХ ДАННЫХ: ТЕКСТОВЫЕ МАТЕРИАЛЫ, МОНОГРАФИЧЕСКИЕ
Кодированные данные о монографическом текстовом документе a ||||000|y
200 1# - ЗАГЛАВИЕ И СВЕДЕНИЯ ОБ ОТВЕТСТВЕННОСТИ
Основное заглавие Problems of automation and remote control of complex plants in gas transmission networks
Параллельное заглавие Проблемы автоматизации и дистанционного управления газотранспортных систем
-- Problèmes d'automatisation et de télécommande dans des réseaux de transport du gaz
Первые сведения об ответственности U. W. Binder (Federal Republic of Germany)
Последующие сведения об ответственности 11th International gas conference, [Moscow, 9th to 13th June, 1970]
Язык параллельного заглавия французский
-- русский
210 ## - ПУБЛИКАЦИЯ, РАСПРОСТРАНЕНИЕ И ДР.
Место издания, распространения и т.д. М.
Дата издания, распространения и т.д. 1970
215 ## - ФИЗИЧЕСКАЯ ХАРАКТЕРИСТИКА
Специфическое обозначение материала и объем 64 с.
Другие сведения о физической характеристике ил.
Размеры 20 см
300 ## - ОБЩИЕ ПРИМЕЧАНИЯ
Текст примечания Поясн. текст на англ., франц. и рус. яз.
300 ## - ОБЩИЕ ПРИМЕЧАНИЯ
Текст примечания Резюме на франц. и рус. яз.
300 ## - ОБЩИЕ ПРИМЕЧАНИЯ
Текст примечания Загл. и надзаголовок также на франц. и рус. яз.
300 ## - ОБЩИЕ ПРИМЕЧАНИЯ
Текст примечания Загл. на франц. яз.: Problèmes d'automatisation et de télécommande dans des réseaux de transport du gaz; на рус. яз.: Проблемы автоматизации и дистанционного управления газотранспортных систем
309 ## - ПРИМЕЧАНИЯ ОБ ОСНОВНОМ ИСТОЧНИКЕ ИНФОРМАЦИИ И ОБ ОСОБЕННОСТЯХ ПОЛИГРАФИЧЕСКОГО ОФОРМЛЕНИЯ ИЗДАНИЯ
Текст примечания Отпечат. множит. аппаратом "IGU/C19-70"
320 ## - ПРИМЕЧАНИЯ О НАЛИЧИИ В ДОКУМЕНТЕ БИБЛИОГРАФИИ / УКАЗАТЕЛЯ
Текст примечания Библиогр.: с. 46
510 1# - ПАРАЛЛЕЛЬНОЕ ЗАГЛАВИЕ
Параллельное заглавие Problèmes d'automatisation et de télécommande dans des réseaux de transport du gaz
Язык заглавия французский
510 1# - ПАРАЛЛЕЛЬНОЕ ЗАГЛАВИЕ
Параллельное заглавие Проблемы автоматизации и дистанционного управления газотранспортных систем
Язык заглавия русский
606 ## - НАИМЕНОВАНИЕ ТЕМЫ КАК ПРЕДМЕТ
Наименование темы Газопроводы магистральные
Тематический подзаголовок Автоматизация
Код системы nlr_sh1
606 ## - НАИМЕНОВАНИЕ ТЕМЫ КАК ПРЕДМЕТ
Наименование темы Газопроводы магистральные
Тематический подзаголовок Дистанционное управление
Код системы nlr_sh1
686 ## - ИНДЕКСЫ ДРУГИХ КЛАССИФИКАЦИЙ
Индекс О76-05
Код системы
686 ## - ИНДЕКСЫ ДРУГИХ КЛАССИФИКАЦИЙ
Индекс Т29-464
Код системы
700 #1 - ИМЯ ЛИЦА - ПЕРВИЧНАЯ ОТВЕТСТВЕННОСТЬ
Начальный элемент ввода Binder
Часть имени, кроме начального элемента ввода U. W.
Код отношения Автор
712 12 - НАИМЕНОВАНИЕ ОРГАНИЗАЦИИ - ВТОРИЧНАЯ ОТВЕТСТВЕННОСТЬ
Начальный элемент ввода International gas conference
Порядковый номер временной организации и / или порядковый номер ее части 11
Место проведения временной организации Moscow
Дата проведения временной организации 1970
Код отношения Функция не определена
801 #1 - ИСТОЧНИК ЗАПИСИ
Страна Российская Федерация
Организация NLR
Дата составления 20090506
801 #0 - ИСТОЧНИК ЗАПИСИ
Страна Российская Федерация
Организация NLR
Правила каталогизации PSBO
852 ## - МЕСТОНАХОЖДЕНИЕ И ШИФР ХРАНЕНИЯ
Идентификатор организации NLR
Шифр хранения (Call Number) Т87 Д-4/7
942 ## - ДОПОЛНИТЕЛЬНЫЕ ЭЛЕМЕНТЫ ЗАПИСИ (АБИС)
Тип экземпляра АБИС Книга
980 ## - КОЛЛЕКЦИЯ
Название коллекции Национальная библиография
Экземпляры
Тип экземпляра Дата поступления Библиотека постоянного хранения Библиотека текущего хранения Место хранения Шифр хранения Штрих-код Статус экземпляра
Книга 26.10.2013 РНБ (Московский) РНБ (Московский) Иностранный книжный фонд Т87 Д-4/7 9127007-10